Southville International School and Colleges
Your cart is empty.
  • Cart
  • Lists
    Public lists Eva Luna New books Lux_list list_1
    Your lists Log in to create your own lists
  • Log in to your account
  • Your cookies
  • Search history
Southville International School and Colleges
  • Advanced search
  • Recent comments
  • Most popular
  • Libraries

Log in to your account

Log in with GOOGLE


If you do not have an external account, but do have a local account, you can still log in:

  1. Home
  2. MARC view: Effective argumentation and debate /
Normal view MARC view ISBD view

Effective argumentation and debate / (Record no. 293508)

[ view plain ]
MARC details
000 -LEADER
fixed length control field 00601nam a2200217Ia 4500
008 - FIXED-LENGTH DATA ELEMENTS--GENERAL INFORMATION
fixed length control field 160418s9999 xx 000 0 und d
020 ## - INTERNATIONAL STANDARD BOOK NUMBER
International Standard Book Number 971-821-030-X
050 ## - LIBRARY OF CONGRESS CALL NUMBER
Classification number FIL PN 4121
050 ## - LIBRARY OF CONGRESS CALL NUMBER
Item number .J37 2002
100 ## - MAIN ENTRY--PERSONAL NAME
Personal name Jasul, Valentino Balano.
245 ## - TITLE STATEMENT
Title Effective argumentation and debate /
245 ## - TITLE STATEMENT
Statement of responsibility, etc Valentino Balano Jasul.
260 ## - PUBLICATION, DISTRIBUTION, ETC. (IMPRINT)
Place of publication, distribution, etc Valenzuela City:
260 ## - PUBLICATION, DISTRIBUTION, ETC. (IMPRINT)
Name of publisher, distributor, etc Mutya Pub. House.
260 ## - PUBLICATION, DISTRIBUTION, ETC. (IMPRINT)
Date of publication, distribution, etc 2002
300 ## - PHYSICAL DESCRIPTION
Extent 120 pages :
300 ## - PHYSICAL DESCRIPTION
Other physical details illustrations ;
300 ## - PHYSICAL DESCRIPTION
Dimensions 27 cm.
500 ## - GENERAL NOTE
General note Includes bibliographical references and index..
650 ## - SUBJECT ADDED ENTRY--TOPICAL TERM
Topical term or geographic name as entry element Debates and debating.
Holdings
Withdrawn status Lost status Damaged status Home library Current library Shelving location Date acquired Cost, normal purchase price Total Checkouts Full call number Barcode Date last seen Price effective from Koha item type
      South Mansfield College South Mansfield College Filipiniana Section 03/07/2005 204.00   FIL PN 4121 .J37 2002 SMC01652 04/18/2016 04/18/2016  

Effective argumentation and debate /

APA

Jasul V. B., .Effective argumentation and debate. Valenzuela City: .

Chicago

Jasul Valentino Balano, .Effective argumentation and debate. Valenzuela City: .

Harvard

Jasul V. B., .Effective argumentation and debate. Valenzuela City: .

MLA

Jasul Valentino Balano, .Valenzuela City: . .

  • Place hold
  • Print
  • Cite
  • Add to your cart (remove)
  • Save record
    BIBTEX Dublin Core MARCXML MARC (non-Unicode/MARC-8) MARC (Unicode/UTF-8) MARC (Unicode/UTF-8, Standard) MODS (XML) RIS
  • More searches
    Search for this title in:
    Other Libraries (WorldCat) Other Databases (Google Scholar) Online Stores (Bookfinder.com) Open Library (openlibrary.org)

Exporting to Dublin Core...

SOUTHVILLE LIBRARY

Southville International School and Colleges Library

1281 Tropical Ave. Cor. Luxembourg St., BF Homes International, Las Pinas City

Tel. No. 8256374 / 252358 Loc. 117/146

Powered by Koha